Responses for Show #8801 - Monday, February 6, 2023

Matthew Marcus game 3.

Contestants

[<< previous game]

Jesse Lampert, a sales executive from Los Angeles, California

Tanya Parrott, a librarian from Gainesville, Virginia

Matthew Marcus, a software developer from Portland, Oregon (whose 2-day cash winnings total $66,000)

[next game >>]

Jeopardy! Round responses

MONTHS THAT START WITH FEB
WINE TASTING 101
U.S. MUSEUMS
ADD A LETTER AT THE START
DOCTOR WHO
PARTS & LABOR
(Ken: You'll need to name the shared occupation of both these characters.)
    $200 26
Secretary-General

Tanya
    $200 9
dry

Jesse
    $200 22
Bill Clinton

Jesse
    $200 3
(Matthew: DOCTOR WHO $200)
(Ken: You may be disappointed.)
[Matthew chuckles.]

whale (from hale)

Matthew
    $200 4
tuberculosis

Tanya
    $200 8
a policeman (police detective)

Matthew
    $400 14
the ANC

Matthew
    $400 10
legs

Jesse
    $400 21
(Jackie) Robinson

Tanya
    $400 2
select (from elect)

Tanya
    $400 5
smallpox

Jesse
    $400 7
lawyer

Tanya
    $2,000 15
(Matthew: What is the Church of America?)
(Ken: No, I'm sorry, we have an Anglo-American clue for you; you couldn't come up with [*], I'm afraid.)

the Episcopal Church

Matthew
    $600 11
body

Matthew
    $600 1
Vincent van Gogh

Matthew
    $600 12
faction

Jesse
    $600 6
HIV

Matthew
    $600 16
FBI agent

Matthew
    $800 25
MacArthur

Tanya
    $800 13
notes

Matthew
    $800 23
the Holocaust Memorial

Jesse
    $800 28
(Ken: Yes, crossword expertise paying off.)

pending

Matthew
    $800 19
measles

Jesse
    $800 17
teachers

Tanya
    $1000 27
(Matthew: What is French Revolution?)

the Second Republic

Matthew
Triple Stumper
    $1000 20
tannins

Matthew
    $1000 24
USS Nautilus

Triple Stumper
    $1000 29
(Ken: Ripe and [*], it came to you.)

gripe

Matthew
    $1000 30
tropical diseases

Triple Stumper
    $1000 18
(Tanya: What are... fathers? Uh, Father Mulcahy... [*].)

(Catholic) priests

Tanya

Scores at the first commercial break (after clue 15):

Matthew Tanya Jesse
$1,400 $1,000 $1,600

Scores at the end of the Jeopardy! Round:

Matthew Tanya Jesse
$3,800 $4,200 $3,400

Double Jeopardy! Round responses

TRAIN ROUTES
HOT TUNES
PRISONERS OF WAR
S-SS-ING THE SITUATION
(Ken: Each response will contain a single "S" and then a double "S".)
THE ILIAD & THE ODYSSEY
YOU CAN CALL ME HOMER
    $400 25
Switzerland

Tanya
    $400 13
"Some Like It Hot"

Matthew
    $400 21
Morse code

Matthew
    $400 16
taking care of business

Triple Stumper
    $400 11
Helen of Troy

Jesse
    $400 7
William McKinley

Triple Stumper
    $800 26
the Orient Express

Tanya
    $800 14
Nelly

Jesse
    $800 29
(Matthew: What is the War of 1812?)
...
[The end-of-round signal sounds.]

the American Revolution

Matthew
Triple Stumper
    $800 17
sweetness

Tanya
    $800 24
(Ken: Correct, with less than a minute to play.)

Penelope

Jesse
    $800 6
the Attorney General

Tanya
    $1200 27
Alberta

Jesse
    $1200 1
"Heat Waves"

Matthew
    $1200 2
Tibet

Matthew
    $1,000 18
baseless

Tanya
    $1200 4
Apollo & Athene

Matthew
    $1200 8
(Matthew: What is California?)
...
(Ken: The other place you might find gold mines, [*].)

Alaska

Matthew
Triple Stumper
    $1600 12
"We Didn't Start The Fire"

Tanya
    $1600 3
The Great Escape

Matthew
    $1600 19
scissor-tailed

Triple Stumper
    $1600 5
Cassandra

Matthew
    $1,000 9
(Ken: Tanya?)
(Tanya: Who is Winslow?)
...
(Ken: His real life dad was named Homer just like on The Simpsons, Matt [*].)

Groening

Tanya
    $2000 28
Vladivostok

Matthew
    $2000 15
melt with you

Tanya
    $2000 22
Jean-Paul Sartre

Matthew
    $2000 20
(Jesse: What is possessed? Repossessed?)
(Matthew: What is repossessed?)
...
(Ken: That would be two doubles "S"s; this is [*].)

distressed

MatthewJesse
Triple Stumper
    $2000 23
Polyphemus

Matthew
    $2000 10
Boston

Triple Stumper

Scores at the end of the Double Jeopardy! Round:

Matthew Tanya Jesse
$13,400 $10,600 $4,600

[wagering suggestions for these scores]

Final Jeopardy! Round responses

INVENTIONS
JesseWhat is barbed wire?
$4,599
TanyaWhat is bard barbed wire?
$1
MatthewWhat is barbed wire
$8,000
barbed wire

Final scores:

Matthew Tanya Jesse
$21,400 $10,601 $9,199
3-day champion: $87,400 2nd place: $2,000 3rd place: $1,000

Game dynamics:

Coryat scores:

Matthew Tanya Jesse
$15,400 $11,800 $4,600
21 R,
5 W
(including 1 DD)
15 R
(including 1 DD),
1 W
(including 1 DD)
11 R,
1 W

Combined Coryat: $31,800

[game clues] [game scores] [suggest correction]

Game tape date: 2022-12-08
The J! Archive is created by fans, for fans. Scraping, republication, monetization, and malicious use prohibited; this site may use cookies and collect identifying information. See terms. The Jeopardy! game show and all elements thereof, including but not limited to copyright and trademark thereto, are the property of Jeopardy Productions, Inc. and are protected under law. This website is not affiliated with, sponsored by, or operated by Jeopardy Productions, Inc. Join the discussion at JBoard.tv.